|
|
|
|
| LEADER |
00868nab a2200205 i 4500 |
| 001 |
publ23147 |
| 005 |
20220112124940.0 |
| 008 |
220112s2020 hu o 0|| Angol d |
| 022 |
|
|
|a 1689-7080
|
| 024 |
7 |
|
|a 31379582
|2 mtmt
|
| 040 |
|
|
|a SZTE Publicatio Repozitórium
|b hun
|
| 041 |
|
|
|a Angol
|
| 100 |
1 |
|
|a Mezei Péter
|
| 245 |
1 |
4 |
|a The Doctrine of Exhaustion in Limbo
|h [elektronikus dokumentum] :
|b Critical Remarks on the CJEU’s Tom Kabinet Ruling /
|c Mezei Péter
|
| 260 |
|
|
|c 2020
|
| 300 |
|
|
|a 130-153
|
| 490 |
0 |
|
|a ZESZYTY NAUKOWE UNIWERSYTETU JAGIELLONSKIEGO PRACE Z PRAWA WLASNOSCI INTELEKTUALNEJ
|v 148 No. 2
|
| 650 |
|
4 |
|a Jogtudomány
|
| 856 |
4 |
0 |
|u http://publicatio.bibl.u-szeged.hu/23147/1/Mezei-TheDoctrineofExhaustioninLimbo_final.pdf
|z Dokumentum-elérés
|
| 856 |
4 |
0 |
|u http://publicatio.bibl.u-szeged.hu/23147/7/31379582_c%C3%ADmlap_tartj.pdf
|z Dokumentum-elérés
|